| 000 | 00505nam a22001697a 4500 | ||
|---|---|---|---|
| 008 | 150408b xxu||||| |||| 00| 0 eng d | ||
| 020 | _a97767131 | ||
| 050 | _aLB1739.U58S518 | ||
| 100 |
_aUNISA _916957 |
||
| 245 |
_aSexual trauma _bonly study guide for MGG202X _c/by UNISA |
||
| 260 |
_aPretoria _bUniversity of South Africa _c2005 |
||
| 300 |
_axii,237p. ; _c30cm. |
||
| 650 |
_aTeacher training _xManuals _916958 |
||
| 650 |
_aSex _9919 |
||
| 700 |
_aPetty, Ann _916968 |
||
| 942 |
_2lcc _cMONOGRAPH |
||
| 999 |
_c122589 _d122589 |
||